Industrial plasticizers /
Guardado en:
| Autor Principal: | |
|---|---|
| Formato: | Libro |
| Idioma: | English |
| Publicado: |
New York :
Pergamon Press,
1963.
|
| Materias: | |
| Etiquetas: |
Agregar Etiqueta
Sin Etiquetas, Sea el primero en etiquetar este registro!
|
| LEADER | 00634cam a22002055a 4500 | ||
|---|---|---|---|
| 001 | EIQ.libpla002413 | ||
| 008 | 750822s1963####nyu######b####001#0#eng#d | ||
| 005 | 20070608183114.0 | ||
| 245 | 1 | 0 | |a Industrial plasticizers / |c Ibert Mellan. |
| 260 | |a New York : |b Pergamon Press, |c 1963. | ||
| 300 | |a ix, 302 p. : |b tablas. ; |c 24 cm. | ||
| 504 | |a Bibliografía: p. 291-292. | ||
| 500 | |a Incluye índice. | ||
| 100 | 1 | |a Mellan, Ibert. | |
| 082 | |a 668.41 | ||
| 650 | 4 | |a Polímeros |x Plastificantes. | |
| 650 | 4 | |a Polymers |x Plasticizers. | |
| 010 | |a 62008734 | ||
| 040 | |a DLC |c FM |d Uk |d AR-BbSID | ||
| 859 | |a AR-BbSID |b BIB. PLAPIQUI |h 668.4 |i M 486 |p 1188 | ||
